|
|
|
|
| LEADER |
00000naa2a2200000 4500 |
| 001 |
383781 |
| 005 |
20231101063151.0 |
| 035 |
|
|
|a (RuTPU)RU\TPU\prd\9697
|
| 090 |
|
|
|a 383781
|
| 100 |
|
|
|a 20030113a2002 k y0rusy50 ca
|
| 101 |
0 |
|
|a rus
|
| 102 |
|
|
|a RU
|
| 200 |
1 |
|
|a Система управления бизнесом Scala, внедрённая на Челябинском электролитном цинковом заводе
|
| 225 |
1 |
|
|a Новости системостроения
|
| 461 |
|
1 |
|0 (RuTPU)RU\TPU\prd\2287
|t Промышленные контроллеры АСУ
|o ежемесячный научно-технический производственный журнал
|d 2002-
|
| 463 |
|
1 |
|0 (RuTPU)RU\TPU\prd\3321
|t № 3
|v С. 24
|d 2002
|
| 610 |
1 |
|
|a бизнес
|
| 610 |
1 |
|
|a системы управления бизнесом
|
| 610 |
1 |
|
|a управление производством
|
| 610 |
1 |
|
|a электролитные цинковые заводы
|
| 610 |
1 |
|
|a цветная металлургия
|
| 610 |
1 |
|
|a отчётность
|
| 801 |
|
1 |
|a RU
|b 63413507
|c 20030113
|g PSBO
|
| 942 |
|
|
|c BK
|